000
00328nam a22001457a 4500
008
210303b ||||| |||| 00| 0 eng d
020
_a
9781934319345
041
_a
eng
080
_a
336
082
_2
336
100
_a
56
101
_a
FIN
245
_a
Financial Accounting for MBAS
_c
Peter .John Roberet
942
_2
udc
_c
BK
999
_c
55655
_d
55655